| 000 | 00825nam a22002177a 4500 | ||
|---|---|---|---|
| 999 |
_c2121 _d2121 |
||
| 003 | AR-CdUCM | ||
| 008 | 190304b ||||| |||| 00| 0 spa d | ||
| 040 |
_aMUNICIPALIDAD PROVINCIAL DEL CUSCO _cBIBLIOTECA MUNICIPAL DEL CUSCO |
||
| 082 |
_a338.1 / _bG66 |
||
| 100 |
_aGonzález Tafur, Oswaldo B _97655 |
||
| 245 |
_aFundamentos de la prosperidad nacional : _bPerú agropecuario / |
||
| 260 |
_aLima : _bLibr. Edit. Juan Mejía Baca, _c1959. |
||
| 300 |
_a302 paginas ; _c24 cm. |
||
| 505 | _aContenido: El paisaje peruano-- Ensayos --El medio natural donde se desarrolla la agricultura peruana --La situación actual de la industria agropecuaria ... | ||
| 650 |
_aAgricultura _9320 |
||
| 650 |
_aEstado _9738 |
||
| 650 |
_aAspectos económicos _9261 |
||
| 650 |
_aAlimentos _97656 |
||
| 942 |
_2ddc _cLIBROS |
||
| 945 | _arjall | ||